00358nam a2200145Ia 45000030006000000080041000060400015000471000020000622450044000822500006001262600043001323000008001755460012001830050017001950STCL150530s9999 xx 000 0 und d aSTCLcSTCL aNeeta Baporikar aDoctorate Education - A practical guide a1 bViva Books; New Delhic2010aNew Delhi a372 aEnglish20220125165743.0